000 00636nam a2200253Ia 4500
005 20251020182441.0
008 200515s9999 xx 000 0 und d
020 _a978-612-4005-04-6
082 _a528.767/P23
100 _aPantigoso Loza, Henry
245 0 _aManual de ArcGIS 9.3 : El Completo Sistema de Información Geográfica
250 _a2a ed.
260 _aLima
260 _bMegabyte s.a.c.
260 _c2009
300 _a399 p.
300 _bil., tbl., graf.
500 _a1 ejemplar
650 _aARCGIS
650 _aSIG
650 _aSISTEMAS DE INFORMACION GEOGRAFICA
942 _cLIB
999 _c544
_d544